[Event "Wroclaw Anderssen Memorial"]
[Site "Wroclaw"]
[Date "2021.07.31"]
[Round "4"]
[White "Helaszek, Edward"]
[Black "Ciborowski, Konrad Jr"]
[Result "0-1"]
[WhiteElo "1956"]
[BlackElo "1884"]
[PlyCount "94"]
[EventDate "2021.07.31"]
[EventType "swiss (rapid)"]
[EventRounds "9"]
[EventCountry "POL"]
[SourceTitle "CBM 203 Extra"]
[Source "ChessBase"]
[SourceDate "2021.09.30"]
[SourceVersion "1"]
[SourceVersionDate "2021.09.30"]
[SourceQuality "1"]

1. e4 c5 2. Nf3 d6 3. d4 cxd4 4. Nxd4 Nf6 5. Nc3 a6 6. f3 e5 7. Nb3 Be6 8. Be3 Be7 9. Be2 0-0 10. 0-0 d5 11. exd5 Nxd5 12. Nxd5 Qxd5 13. Qxd5 Bxd5 14. c4 Be6 15. Na5 Nd7 16. a3 Rfc8 17. Rfd1 Nc5 18. b4 Na4 19. Rac1 b6 20. Nb7 Nb2 21. Rd2 Nxc4 22. Bxc4 b5 23. Nc5 Bxc4 24. Rd7 Bf8 25. Rcd1 h6 26. Rb7 a5 27. Rdd7 axb4 28. axb4 Ra1+ 29. Kf2 Rb1 30. Bd2 h5 31. h4 g6 32. Ne4 Be6 33. Rdc7 Rxc7 34. Rxc7 Bxb4 35. Nf6+ Kg7 36. Bg5 Rb2+ 37. Kg3 Be1+ 38. Kh2 Bd2 39. Ne8+ Kf8 40. Nd6 Bxg5 41. hxg5 b4 42. Rb7 b3 43. Rb8+ Ke7 44. Ne4 Rc2 45. Rb7+ Kd8 46. Nf6 b2 47. Kg3 Ba2 0-1

[Event "Wroclaw Anderssen Memorial"]
[Site "Wroclaw"]
[Date "2021.07.31"]
[Round "9"]
[White "Helaszek, Edward"]
[Black "Kosior, Jan1111"]
[Result "1/2-1/2"]
[WhiteElo "1956"]
[BlackElo "1606"]
[PlyCount "135"]
[EventDate "2021.07.31"]
[EventType "swiss (rapid)"]
[EventRounds "9"]
[EventCountry "POL"]
[SourceTitle "CBM 203 Extra"]
[Source "ChessBase"]
[SourceDate "2021.09.30"]
[SourceVersion "1"]
[SourceVersionDate "2021.09.30"]
[SourceQuality "1"]

1. e4 e5 2. Nf3 Nf6 3. Nxe5 d6 4. Nf3 Nxe4 5. d3 Nf6 6. d4 d5 7. Bd3 Nc6 8. c3 Be7 9. 0-0 0-0 10. Re1 Re8 11. Ne5 Be6 12. Nxc6 bxc6 13. Bf4 Rb8 14. b3 c5 15. Nd2 cxd4 16. cxd4 Bd6 17. Bg3 Bxg3 18. hxg3 Qd6 19. Nf3 Bg4 20. Qd2 Bxf3 21. gxf3 c6 22. Kg2 Rxe1 23. Rxe1 Kf8 24. Re2 h6 25. Qa5 Rb7 26. Rc2 Rc7 27. Bf5 Nd7 28. Bxd7 Qxd7 29. Rc5 Rb7 30. Qc3 Rb6 31. b4 a6 32. a3 Ke7 33. Ra5 Qc7 34. Qc5+ Ke8 35. Qc2 g6 36. Qd2 h5 37. Qe3+ Qe7 38. Qd3 Qb7 39. Qe3+ Qe7 40. Kf1 Qxe3 41. fxe3 Kd7 42. e4 Ke6 43. Kf2 f6 44. Ke3 g5 45. Kd3 Kd6 46. Ke3 Ke6 47. f4 Kd6 48. e5+ Ke6 49. exf6 Kxf6 50. fxg5+ Kxg5 51. Kf3 Kf5 52. Rc5 Kg5 53. Rc3 Kf5 54. Re3 a5 55. bxa5 Ra6 56. Re5+ Kg6 57. Kf4 Rxa5 58. Re6+ Kg7 59. Kg5 Rxa3 60. Kxh5 Rxg3 61. Rxc6 Rd3 62. Kg5 Rxd4 63. Kf5 Rd1 64. Ke5 d4 65. Rd6 d3 66. Ke4 Re1+ 67. Kf3 Rf1+ 68. Ke3 1/2-1/2

[Event "Wroclaw Anderssen Memorial op"]
[Site "Wroclaw"]
[Date "2018.08.05"]
[Round "10"]
[White "Borkowski, Franciszek"]
[Black "Helaszek, Edward"]
[Result "1-0"]
[WhiteElo "2257"]
[BlackElo "2022"]
[PlyCount "73"]
[EventDate "2018.08.04"]
[EventType "swiss (rapid)"]
[EventRounds "13"]
[EventCountry "POL"]
[SourceTitle "CBM 185 Extra"]
[Source "ChessBase"]
[SourceDate "2018.07.29"]
[SourceVersion "1"]
[SourceVersionDate "2018.07.29"]
[SourceQuality "1"]

1. e4 d6 2. d4 Nf6 3. Nc3 c6 4. f4 Qa5 5. Bd3 e5 6. Nf3 Bg4 7. Be3 Nbd7 8. 0-0 Be7 9. h3 Bxf3 10. Qxf3 0-0 11. a3 a6 12. g4 h6 13. Ne2 Nh7 14. Ng3 g6 15. fxe5 dxe5 16. Bxh6 Ng5 17. Qg2 exd4 18. Bxf8 Rxf8 19. h4 Nh7 20. h5 Ne5 21. hxg6 fxg6 22. Rxf8+ Nxf8 23. Rf1 Bg5 24. Kh1 Ne6 25. Ne2 c5 26. b3 b5 27. Qg3 Qc7 28. Ng1 c4 29. bxc4 bxc4 30. Be2 d3 31. cxd3 cxd3 32. Bd1 Nd4 33. Nh3 Qe7 34. Qf2 Nc2 35. Bxc2 dxc2 36. Qxc2 Be3 37. Qb3+ 1-0

[Event "Wroclaw Anderssen Memorial op"]
[Site "Wroclaw"]
[Date "2018.08.05"]
[Round "8"]
[White "Butkiewicz, Lukasz"]
[Black "Helaszek, Edward"]
[Result "1/2-1/2"]
[WhiteElo "2444"]
[BlackElo "2022"]
[PlyCount "108"]
[EventDate "2018.08.04"]
[EventType "swiss (rapid)"]
[EventRounds "13"]
[EventCountry "POL"]
[SourceTitle "CBM 185 Extra"]
[Source "ChessBase"]
[SourceDate "2018.07.29"]
[SourceVersion "1"]
[SourceVersionDate "2018.07.29"]
[SourceQuality "1"]

1. d4 Nf6 2. c4 d6 3. Nc3 Nbd7 4. Nf3 e5 5. g3 Be7 6. Bg2 0-0 7. 0-0 c6 8. b3 Re8 9. Bb2 Bf8 10. dxe5 dxe5 11. Qc2 Qc7 12. Rad1 Nc5 13. b4 Ne6 14. a3 a5 15. b5 Nc5 16. a4 g6 17. Ng5 Bf5 18. Nge4 Nfxe4 19. Nxe4 Bxe4 20. Bxe4 f5 21. Bg2 e4 22. Rd2 Bg7 23. Ba3 Ne6 24. Bd6 Qf7 25. Rfd1 cxb5 26. cxb5 Rac8 27. Qa2 b6 28. e3 Nc5 29. Qxf7+ Kxf7 30. Bxc5 bxc5 31. Bf1 c4 32. Rc2 c3 33. Rd6 Re6 34. Rd7+ Re7 35. Rd1 Ke6 36. Be2 Rd7 37. Rxd7 Kxd7 38. f3 exf3 39. Bxf3 Rb8 40. Kf2 Kd6 41. Bd1 Kc5 42. Re2 Rd8 43. Bc2 Kc4 44. Kf3 Rd2 45. Rxd2 cxd2 46. Ke2 Kc3 47. Bd1 Be5 48. e4 fxe4 49. Ke3 Bd4+ 50. Kxe4 Bg1 51. h3 Bh2 52. g4 Kb2 53. Kd3 Kc1 54. Ke2 Bc7 1/2-1/2

[Event "POL-chT3 Dolnoslaskie 1718"]
[Site "Poland"]
[Date "2018.04.08"]
[Round "11.22"]
[White "Siembab, Bartosz"]
[Black "Helaszek, Edward"]
[Result "1-0"]
[WhiteElo "2252"]
[BlackElo "1996"]
[PlyCount "63"]
[EventDate "2017.10.08"]
[EventType "team-tourn"]
[EventRounds "11"]
[EventCountry "POL"]
[SourceTitle "EXT 2019"]
[Source "ChessBase"]
[SourceDate "2018.10.10"]
[SourceVersion "1"]
[SourceVersionDate "2018.10.10"]
[SourceQuality "1"]

1. d4 Nf6 2. c4 d6 3. Nc3 Nbd7 4. e4 e5 5. Nf3 Be7 6. Be2 0-0 7. 0-0 Re8 8. Re1 c6 9. Bf1 Qc7 10. Rb1 Bf8 11. b4 h6 12. b5 exd4 13. Nxd4 Nc5 14. f3 g6 15. Be3 Nfd7 16. Qd2 Kh7 17. Rbd1 Ne5 18. h3 f6 19. f4 Nf7 20. Bf2 h5 21. f5 g5 22. Qe2 h4 23. Qh5+ Kg8 24. Nb3 Nd7 25. g3 hxg3 26. Bxg3 Nde5 27. h4 Bd7 28. Bxe5 dxe5 29. c5 gxh4 30. Bc4 Re7 31. Kh1 Bg7 32. Rg1 1-0

[Event "POL-chT3 Dolnoslaskie 1718"]
[Site "Poland"]
[Date "2017.10.22"]
[Round "2.18"]
[White "Helaszek, Edward"]
[Black "Krosny, Miroslaw"]
[Result "1-0"]
[WhiteElo "1996"]
[BlackElo "1983"]
[PlyCount "83"]
[EventDate "2017.10.08"]
[EventType "team-tourn"]
[EventRounds "11"]
[EventCountry "POL"]
[SourceTitle "EXT 2019"]
[Source "ChessBase"]
[SourceDate "2018.10.10"]
[SourceVersion "1"]
[SourceVersionDate "2018.10.10"]
[SourceQuality "1"]

1. e4 e5 2. Nf3 Nc6 3. Bb5 a6 4. Ba4 Nf6 5. d3 b5 6. Bb3 Be7 7. c3 0-0 8. 0-0 d6 9. h3 Bb7 10. Re1 Na5 11. Bc2 c5 12. Nbd2 Nc6 13. Nf1 Rc8 14. Ng3 g6 15. Bh6 Re8 16. Qd2 Qc7 17. a3 d5 18. exd5 Nxd5 19. Ne4 Rcd8 20. Rad1 f6 21. b4 c4 22. d4 f5 23. Nc5 Bxc5 24. bxc5 e4 25. Ng5 Nb8 26. a4 Nd7 27. axb5 axb5 28. Rb1 Qc6 29. Re2 N7f6 30. Rbe1 Nd7 31. Nxe4 fxe4 32. Bxe4 N7f6 33. Bf3 Rxe2 34. Rxe2 Rc8 35. Re5 Re8 36. Qg5 Rxe5 37. dxe5 Nd7 38. Qg3 Kf7 39. Bg4 Nxc5 40. Qh4 Nd7 41. Qd8 Qc8 42. e6# 1-0

[Event "POL-chT 2nd League"]
[Site "Szklarska Poreba"]
[Date "2017.09.05"]
[Round "4.10"]
[White "Smagalski, Jaroslaw"]
[Black "Helaszek, Edward"]
[Result "0-1"]
[WhiteElo "1868"]
[BlackElo "2006"]
[PlyCount "164"]
[EventDate "2017.09.02"]
[EventType "team-swiss"]
[EventRounds "9"]
[EventCountry "POL"]
[SourceTitle "CBM 180 Extra"]
[Source "ChessBase"]
[SourceDate "2017.10.06"]
[SourceVersion "1"]
[SourceVersionDate "2017.10.06"]
[SourceQuality "1"]
[WhiteTeam "Konin Hetman"]
[BlackTeam "Pegow Wieza"]
[WhiteTeamCountry "POL"]
[BlackTeamCountry "POL"]

1. e4 e5 2. Nf3 Nc6 3. Bc4 Be7 4. d3 Nf6 5. Nbd2 0-0 6. c3 a6 7. Bb3 d6 8. Nf1 h6 9. h3 d5 10. Qe2 Be6 11. Bc2 dxe4 12. dxe4 Bc5 13. g4 Nh7 14. Ng3 Re8 15. Nf5 Nf8 16. g5 h5 17. N3h4 g6 18. Nh6+ Kh8 19. Qf3 Qe7 20. N4f5 Qd7 21. Ng3 Nh7 22. Bd2 Rad8 23. Rd1 Qe7 24. h4 Rd7 25. a3 Red8 26. Rg1 Qf8 27. Rg2 Qg7 28. Nhf5 Qf8 29. Nh6 Ne7 30. b4 Bb6 31. Be3 Ng8 32. Rxd7 Rxd7 33. Bxb6 cxb6 34. Nxg8 Kxg8 35. Qe3 Qd6 36. f3 Nf8 37. Nf1 Qc6 38. Ng3 Rc7 39. Ne2 Bc4 40. Bd3 Bxd3 41. Qxd3 Rd7 42. Qe3 Ne6 43. Nc1 Rc7 44. Rc2 Qa4 45. Ra2 Nf4 46. Rd2 Qxa3 47. Na2 Rd7 48. Kf2 Qa4 49. c4 Rxd2+ 50. Qxd2 Qb3 51. Nc3 Qxb4 52. Qd8+ Kh7 53. Qd2 Qc5+ 54. Kf1 Qxc4+ 55. Ke1 Qd4 56. Qxd4 exd4 57. Na4 b5 58. Nc5 b4 59. Nb3 b6 60. Nxd4 a5 61. Kd2 Kg7 62. Kc2 Ne6 63. Nc6 Nc5 64. Ne5 a4 65. Nc6 b3+ 66. Kb2 b5 67. Nb4 Ne6 68. Nd5 Nd4 69. f4 Nf3 70. Ka3 Nxh4 71. Nc3 Ng2 72. f5 h4 73. f6+ Kf8 74. Ne2 h3 75. Ng3 h2 76. Nh1 Nf4 77. Ng3 Nh3 78. e5 Nf2 79. e6 fxe6 80. f7 h1Q 81. Kb2 Qd1 82. Ne4 Nxe4 0-1

[Event "POL-chT3 Dolnoslaskie 1617"]
[Site "Poland"]
[Date "2017.01.08"]
[Round "5.23"]
[White "Helaszek, Edward"]
[Black "Sitek, Pawel"]
[Result "1-0"]
[WhiteElo "2004"]
[BlackElo "1720"]
[PlyCount "48"]
[EventDate "2016.10.16"]
[EventType "team-tourn"]
[EventRounds "11"]
[EventCountry "POL"]
[SourceTitle "EXT 2018"]
[Source "ChessBase"]
[SourceDate "2017.10.13"]
[SourceVersion "1"]
[SourceVersionDate "2017.10.13"]
[SourceQuality "1"]

1. e4 c5 2. Nf3 Nc6 3. d4 cxd4 4. Nxd4 Nf6 5. Nc3 e6 6. Ndb5 Bb4 7. a3 Bxc3+ 8. Nxc3 d5 9. Bd3 d4 10. Ne2 0-0 11. 0-0 e5 12. h3 h6 13. Ng3 Ne7 14. f4 exf4 15. Bxf4 Ng6 16. Bd2 Ne5 17. Qe1 Nxd3 18. cxd3 Nh7 19. Qf2 Be6 20. Ne2 Ng5 21. h4 Nh7 22. Nxd4 Bg4 23. Bc3 Qf6 24. Nf5 Qg6 1-0

[Event "Warsaw Najdorf Memorial op-B 13th"]
[Site "Warsaw"]
[Date "2015.07.11"]
[Round "2"]
[White "Helaszek, Edward"]
[Black "Szewczak, Andrzej"]
[Result "1-0"]
[WhiteElo "2061"]
[BlackElo "1887"]
[PlyCount "79"]
[EventDate "2015.07.10"]
[EventType "swiss"]
[EventRounds "9"]
[EventCountry "POL"]
[SourceTitle "CBM 167 Extra"]
[Source "ChessBase"]
[SourceDate "2015.09.14"]
[SourceVersion "1"]
[SourceVersionDate "2015.09.14"]
[SourceQuality "1"]

1. e4 e5 2. Nf3 Nc6 3. Bb5 Bc5 4. c3 Qe7 5. 0-0 a6 6. Ba4 b5 7. Bb3 Na5 8. Bc2 Bb6 9. d3 Nf6 10. h3 0-0 11. b4 Nc6 12. a4 Bb7 13. Na3 bxa4 14. Nc4 Ba7 15. Ne3 d6 16. Bxa4 g6 17. Bb3 Nd8 18. Nh2 Ne6 19. Nhg4 h5 20. Nxf6+ Qxf6 21. Nd5 Qg7 22. Kh2 Kh8 23. g4 h4 24. g5 Bxd5 25. Bxd5 Rab8 26. Rxa6 Bb6 27. Qg4 Qh7 28. f4 exf4 29. d4 Rbe8 30. Bxf4 Ng7 31. Bd2 Re7 32. Be1 Nh5 33. Bxh4 Qg7 34. Ra8 Rxa8 35. Bxa8 Bxd4 36. cxd4 Qxd4 37. Bd5 Kg7 38. Rf6 Re8 39. Bg3 Qb2+ 40. Rf2 1-0

[Event "Warsaw Najdorf Memorial op-B 12th"]
[Site "Warsaw"]
[Date "2014.07.21"]
[Round "8"]
[White "Helaszek, Edward"]
[Black "Alvarado, Carlos"]
[Result "1-0"]
[WhiteElo "2073"]
[BlackElo "2188"]
[PlyCount "77"]
[EventDate "2014.07.14"]
[EventType "swiss"]
[EventRounds "9"]
[EventCountry "POL"]
[SourceTitle "EXT 2016"]
[Source "ChessBase"]
[SourceDate "2015.10.08"]
[SourceVersion "1"]
[SourceVersionDate "2015.10.08"]
[SourceQuality "1"]

1. e4 c5 2. Nf3 Nc6 3. d4 cxd4 4. Nxd4 Qb6 5. Nb3 Nf6 6. Nc3 e6 7. Bd3 d6 8. Be3 Qc7 9. f4 a6 10. Qf3 Be7 11. g4 h6 12. h4 Nd7 13. 0-0-0 Nb4 14. g5 Nxd3+ 15. Rxd3 b5 16. Bd4 Rg8 17. Rg1 hxg5 18. hxg5 Bb7 19. f5 e5 20. Be3 Rc8 21. Rd2 b4 22. Nd5 Bxd5 23. exd5 a5 24. Kd1 Bd8 25. Qh5 Nf8 26. Re1 g6 27. Qf3 gxf5 28. Qxf5 Qd7 29. Qe4 Qb5 30. Nd4 Qa4 31. Nc6 Ng6 32. Qc4 Rc7 33. Qa6 Qxa2 34. Nxd8 Kxd8 35. Qxd6+ Kc8 36. Qa6+ Kd7 37. Qb5+ Kc8 38. d6 Qc4 39. d7+ 1-0

[Event "Wroclaw Anderssen Memorial op-B 22nd"]
[Site "Wroclaw"]
[Date "2013.06.30"]
[Round "3"]
[White "Helaszek, Edward"]
[Black "Swicarz, Maciej"]
[Result "0-1"]
[WhiteElo "2049"]
[BlackElo "2238"]
[PlyCount "80"]
[EventDate "2013.06.30"]
[EventType "swiss"]
[EventRounds "7"]
[EventCountry "POL"]
[SourceTitle "EXT 2014"]
[Source "ChessBase"]
[SourceDate "2013.11.20"]
[SourceVersion "1"]
[SourceVersionDate "2013.11.20"]
[SourceQuality "1"]

1. e4 c6 2. Nc3 d5 3. Nf3 a6 4. d4 Bg4 5. e5 e6 6. Be2 c5 7. Be3 Nc6 8. 0-0 Nge7 9. h3 Bxf3 10. Bxf3 Nf5 11. Ne2 Qc7 12. c3 Qb6 13. Qd2 Nh4 14. Nf4 Nxf3+ 15. gxf3 Be7 16. Kh1 0-0-0 17. Rg1 Rdg8 18. Nh5 g6 19. Nf4 h5 20. Ne2 Qd8 21. Bg5 Bxg5 22. Qxg5 Qxg5 23. Rxg5 cxd4 24. cxd4 Kd7 25. a3 Rc8 26. Rc1 Na5 27. Rgg1 Nb3 28. Rc3 Rxc3 29. bxc3 Rc8 30. Rb1 Na5 31. Rb6 Rc6 32. Rb4 Kc7 33. Kg2 Nc4 34. a4 Rb6 35. Kg3 Nb2 36. a5 Rxb4 37. cxb4 Nd3 38. Kh4 Kd7 39. Kg5 Ke7 40. Nc3 Nxb4 0-1

[Event "Wroclaw op 10"]
[Site "Wroclaw"]
[Date "2011.10.30"]
[Round "4"]
[White "Tworzydlo, Piotr"]
[Black "Helaszek, Edward"]
[Result "1/2-1/2"]
[WhiteElo "2064"]
[BlackElo "2086"]
[PlyCount "94"]
[EventDate "2011.10.28"]
[EventType "swiss"]
[EventRounds "5"]
[EventCountry "POL"]
[SourceTitle "EXT 2013"]
[Source "ChessBase"]
[SourceDate "2012.11.22"]
[SourceVersion "1"]
[SourceVersionDate "2012.11.22"]
[SourceQuality "1"]

1. e4 e5 2. Nf3 Nc6 3. Bb5 a6 4. Bxc6 dxc6 5. 0-0 f6 6. d4 exd4 7. Nxd4 c5 8. Nb3 Qxd1 9. Rxd1 Bg4 10. f3 Be6 11. Bf4 c4 12. Nd4 0-0-0 13. Nc3 Bf7 14. Kh1 Ne7 15. a4 Ng6 16. Bg3 Ne5 17. Nf5 Rxd1+ 18. Rxd1 g6 19. Ne3 c6 20. f4 Nd7 21. e5 f5 22. Bh4 Bc5 23. Nf1 b5 24. Ne2 Re8 25. Nd4 Kc7 26. Ne3 Nb6 27. axb5 axb5 28. c3 Nd7 29. h3 h5 30. Kh2 Nf8 31. g4 hxg4 32. hxg4 fxg4 33. Kg3 Ne6 34. Kxg4 Nxd4 35. cxd4 Be6+ 36. f5 gxf5+ 37. Kf4 Bf8 38. Nxf5 b4 39. Bg5 b3 40. Ne3 Bb4 41. d5 cxd5 42. Nxd5+ Bxd5 43. Rxd5 Kc6 44. Rd1 Kb5 45. Kf5 c3 46. bxc3 Bxc3 47. e6 Kc4 1/2-1/2

[Event "Wroclaw op-A 6th"]
[Site "Wroclaw"]
[Date "2011.07.10"]
[Round "9"]
[White "Helaszek, Edward"]
[Black "Zysko, Jan"]
[Result "0-1"]
[WhiteElo "2066"]
[BlackElo "2184"]
[PlyCount "74"]
[EventDate "2011.07.04"]
[EventType "swiss"]
[EventRounds "9"]
[EventCountry "POL"]
[SourceTitle "CBM 143 Extra"]
[Source "ChessBase"]
[SourceDate "2011.08.29"]
[SourceVersion "1"]
[SourceVersionDate "2011.08.29"]
[SourceQuality "1"]

1. e4 c5 2. Nf3 d6 3. d4 cxd4 4. Nxd4 Nf6 5. Nc3 e6 6. Be2 Be7 7. 0-0 Nc6 8. Be3 Bd7 9. f4 0-0 10. Kh1 Nxd4 11. Bxd4 Bc6 12. Bd3 g6 13. Qe2 Nd7 14. f5 Ne5 15. Bxe5 dxe5 16. fxe6 fxe6 17. Bc4 Bd7 18. Rad1 Rxf1+ 19. Qxf1 Qc7 20. Qe2 Rf8 21. Bb3 a6 22. h3 Rf6 23. Qg4 Kg7 24. Kh2 Bc5 25. Ne2 Be3 26. Ng1 h5 27. Qe2 Bd4 28. c3 Rf2 29. Qc4 Bc6 30. Nf3 Qf7 31. Qxe6 Qxf3 32. Qg8+ Kh6 33. Qh8+ Kg5 34. Qd8+ Qf6 35. Qxf6+ Kxf6 36. cxd4 Bxe4 37. dxe5+ Kxe5 0-1

[Event "Wroclaw op-A 6th"]
[Site "Wroclaw"]
[Date "2011.07.04"]
[Round "1"]
[White "Stachowiak, Kamil"]
[Black "Helaszek, Edward"]
[Result "1-0"]
[WhiteElo "2436"]
[BlackElo "2066"]
[PlyCount "61"]
[EventDate "2011.07.04"]
[EventType "swiss"]
[EventRounds "9"]
[EventCountry "POL"]
[SourceTitle "CBM 143 Extra"]
[Source "ChessBase"]
[SourceDate "2011.08.29"]
[SourceVersion "1"]
[SourceVersionDate "2011.08.29"]
[SourceQuality "1"]

1. d4 Nf6 2. Nf3 g6 3. g3 Bg7 4. Bg2 0-0 5. 0-0 d6 6. c4 Nc6 7. Nc3 a6 8. b3 Bf5 9. Bb2 Ne4 10. Nd5 g5 11. Nd2 Nxd2 12. Qxd2 e5 13. dxe5 dxe5 14. Rad1 Nd4 15. e3 Ne6 16. Qb4 Re8 17. Nb6 cxb6 18. Rxd8 Raxd8 19. Bxb7 a5 20. Qxb6 Rd2 21. Bc3 Rxa2 22. Ra1 Rc2 23. Qxa5 g4 24. Bg2 Ng5 25. Rd1 Be4 26. Bxe4 Nxe4 27. Rd8 Rf8 28. Bb4 Ng5 29. Bxf8 Nf3+ 30. Kg2 Rc1 31. Ba3+ 1-0

[Event "Krakow op-B 21st"]
[Site "Krakow"]
[Date "2010.12.27"]
[Round "4.2"]
[White "Helaszek, Edward"]
[Black "Lis, Marek"]
[Result "0-1"]
[WhiteElo "2086"]
[BlackElo "2080"]
[PlyCount "74"]
[EventDate "2010.12.27"]
[EventType "swiss"]
[EventRounds "9"]
[EventCountry "POL"]
[SourceTitle "EXT 2023"]
[Source "ChessBase"]
[SourceDate "2022.10.05"]
[SourceVersion "1"]
[SourceVersionDate "2022.10.05"]
[SourceQuality "1"]

1. e4 c5 2. Nf3 d6 3. d4 cxd4 4. Nxd4 Nf6 5. Nc3 a6 6. Be2 e5 7. Nb3 Be7 8. 0-0 Be6 9. f4 exf4 10. Bxf4 Nc6 11. Qd2 b5 12. Bf3 Ne5 13. Rad1 0-0 14. Kh1 Rc8 15. Nd4 Qc7 16. Nd5 Bxd5 17. exd5 Nxf3 18. gxf3 Nxd5 19. Nf5 Nxf4 20. Qxf4 Bf6 21. c3 Be5 22. Qg4 g6 23. f4 Bg7 24. Ne3 f5 25. Qg2 Rfe8 26. Nd5 Re4 27. Rfe1 Qc4 28. Rxe4 Qxe4 29. Qxe4 fxe4 30. Re1 Re8 31. Kg2 Kf7 32. Nc7 Re7 33. Nxa6 d5 34. Nb4 Ke6 35. Kf2 Rf7 36. Ke3 Bh6 37. Rf1 Rf5 0-1

[Event "Krakow op-B 21st"]
[Site "Krakow"]
[Date "2010.12.27"]
[Round "2.3"]
[White "Helaszek, Edward"]
[Black "Malaczek, Mateusz"]
[Result "1-0"]
[WhiteElo "2086"]
[BlackElo "1903"]
[PlyCount "83"]
[EventDate "2010.12.27"]
[EventType "swiss"]
[EventRounds "9"]
[EventCountry "POL"]
[SourceTitle "EXT 2023"]
[Source "ChessBase"]
[SourceDate "2022.10.05"]
[SourceVersion "1"]
[SourceVersionDate "2022.10.05"]
[SourceQuality "1"]

1. e4 c5 2. Nf3 d6 3. d4 cxd4 4. Nxd4 Nf6 5. Nc3 a6 6. Be2 e5 7. Nb3 Be7 8. 0-0 0-0 9. Be3 Be6 10. Qd2 Nbd7 11. a4 Nb6 12. a5 Nc4 13. Bxc4 Bxc4 14. Rfd1 Rc8 15. Nc1 d5 16. Bb6 Qe8 17. Nxd5 Nxe4 18. Nxe7+ Qxe7 19. Qe3 Nf6 20. Qg5 h6 21. Qh4 Qe6 22. b3 Bb5 23. c4 Bc6 24. Nd3 Qf5 25. Nb4 Be4 26. Rd2 g5 27. Qg3 Nh5 28. Qe3 g4 29. Re1 Bf3 30. Nd5 Rfe8 31. Qxh6 Re6 32. Ne3 Qf4 33. Qxf4 exf4 34. gxf3 fxe3 35. Rxe3 gxf3 36. Rxf3 Re1+ 37. Kg2 Re4 38. Rf5 Ng7 39. Rg5 Kh7 40. Rd7 Kh6 41. Rg3 Nh5 42. Be3+ 1-0

[Event "Krakow op-B 21st"]
[Site "Krakow"]
[Date "2010.12.27"]
[Round "1.3"]
[White "Rojek, Stanislaw"]
[Black "Helaszek, Edward"]
[Result "0-1"]
[WhiteElo "1818"]
[BlackElo "2086"]
[PlyCount "85"]
[EventDate "2010.12.27"]
[EventType "swiss"]
[EventRounds "9"]
[EventCountry "POL"]
[SourceTitle "EXT 2023"]
[Source "ChessBase"]
[SourceDate "2022.10.05"]
[SourceVersion "1"]
[SourceVersionDate "2022.10.05"]
[SourceQuality "1"]

1. e4 d6 2. d4 Nf6 3. Bd3 e5 4. d5 Be7 5. Nf3 0-0 6. h3 c6 7. c4 Na6 8. 0-0 Nc5 9. Nc3 Nxd3 10. Qxd3 Nh5 11. Qe2 g6 12. Bh6 Re8 13. Qd2 c5 14. Ne2 f6 15. g4 Ng7 16. Ng3 Rf8 17. Nh2 Rf7 18. f4 exf4 19. Rxf4 Bf8 20. Raf1 Nh5 21. R4f3 Nxg3 22. Rxg3 Qe7 23. Bxf8 Rxf8 24. Qf4 Bd7 25. Nf3 Rae8 26. Re1 b5 27. b3 bxc4 28. bxc4 Rb8 29. Qd2 Rb4 30. Qd3 Rfb8 31. Rg2 g5 32. Rf2 h6 33. Ref1 Rf8 34. e5 dxe5 35. Qg6+ Qg7 36. Qxg7+ Kxg7 37. Nxe5 Ba4 38. d6 Rb6 39. Nd7 Rxd6 40. Nxc5 Bc6 41. Re2 Rc8 42. Rfe1 Rc7 43. Rc2 0-1

[Event "Krakow op-B 20th"]
[Site "Krakow"]
[Date "2010.01.03"]
[Round "8.4"]
[White "Kiolbasa, Damian"]
[Black "Helaszek, Edward"]
[Result "1/2-1/2"]
[WhiteElo "1766"]
[BlackElo "2092"]
[PlyCount "90"]
[EventDate "2009.12.27"]
[EventType "swiss"]
[EventRounds "9"]
[EventCountry "POL"]
[SourceTitle "EXT 2023"]
[Source "ChessBase"]
[SourceDate "2022.10.05"]
[SourceVersion "1"]
[SourceVersionDate "2022.10.05"]
[SourceQuality "1"]

1. d4 Nf6 2. c4 g6 3. Nf3 Bg7 4. g3 0-0 5. Bg2 d6 6. Nc3 Nbd7 7. 0-0 e5 8. h3 c6 9. e4 exd4 10. Nxd4 Qb6 11. Nc2 Ne8 12. Re1 Ne5 13. Bf1 f5 14. Be3 Qa5 15. f4 Nf7 16. Bd4 Nf6 17. b4 Qc7 18. Qf3 Nxe4 19. Nxe4 fxe4 20. Qc3 Nh6 21. Rxe4 Bf5 22. Bxg7 Qxg7 23. Qxg7+ Kxg7 24. Re7+ Rf7 25. Rxf7+ Nxf7 26. Nd4 Bd7 27. Bg2 Re8 28. Kf2 Kf6 29. a4 g5 30. a5 gxf4 31. gxf4 a6 32. b5 c5 33. Bxb7 cxd4 34. Bxa6 Nd8 35. b6 d3 36. Bb5 Re2+ 37. Kf3 Nc6 38. b7 Nd4+ 39. Kg3 Re3+ 40. Kf2 Re2+ 41. Kg3 Nf5+ 42. Kf3 Nd4+ 43. Kg3 Re3+ 44. Kf2 Re2+ 45. Kg3 Re3+ 1/2-1/2

[Event "Krakow op-B 20th"]
[Site "Krakow"]
[Date "2010.01.02"]
[Round "6.3"]
[White "Koziej, Maciej"]
[Black "Helaszek, Edward"]
[Result "0-1"]
[WhiteElo "2026"]
[BlackElo "2092"]
[PlyCount "80"]
[EventDate "2009.12.27"]
[EventType "swiss"]
[EventRounds "9"]
[EventCountry "POL"]
[SourceTitle "EXT 2023"]
[Source "ChessBase"]
[SourceDate "2022.10.05"]
[SourceVersion "1"]
[SourceVersionDate "2022.10.05"]
[SourceQuality "1"]

1. e4 e5 2. Nf3 Nc6 3. Nc3 Nf6 4. a3 d6 5. d4 Bg4 6. Bb5 Bxf3 7. gxf3 exd4 8. Qxd4 Nd7 9. Bxc6 bxc6 10. f4 Nb6 11. Be3 Qd7 12. 0-0-0 0-0-0 13. Rhg1 f5 14. f3 Kb8 15. Rg5 d5 16. exd5 cxd5 17. Qd3 g6 18. Bxb6 axb6 19. Nxd5 Bh6 20. Rg2 Qa4 21. Qc3 Bxf4+ 22. Nxf4 Qxf4+ 23. Rgd2 Rxd2 24. Qxd2 Qxf3 25. Qh6 Qc6 26. Qg7 Re8 27. Qxh7 Re2 28. Rd2 Qh1+ 29. Rd1 Qg2 30. Qg8+ Kb7 31. Qc4 Qxh2 32. Qd5+ Ka7 33. Qc6 Qe5 34. Kb1 Re1 35. Rxe1 Qxe1+ 36. Ka2 Qg3 37. c4 Qd6 38. Qf3 Qe6 39. Qb3 Qe5 40. Qd1 g5 0-1

[Event "Krakow op-B 20th"]
[Site "Krakow"]
[Date "2009.12.31"]
[Round "5.6"]
[White "Helaszek, Edward"]
[Black "Marczuk, Dominik"]
[Result "1-0"]
[WhiteElo "2092"]
[BlackElo "1929"]
[PlyCount "115"]
[EventDate "2009.12.27"]
[EventType "swiss"]
[EventRounds "9"]
[EventCountry "POL"]
[SourceTitle "EXT 2023"]
[Source "ChessBase"]
[SourceDate "2022.10.05"]
[SourceVersion "1"]
[SourceVersionDate "2022.10.05"]
[SourceQuality "1"]

1. e4 c5 2. Nf3 d6 3. d4 cxd4 4. Nxd4 Nf6 5. Nc3 a6 6. Be2 e5 7. Nb3 Be7 8. Be3 Be6 9. 0-0 0-0 10. Qd2 Nc6 11. f3 d5 12. exd5 Nxd5 13. Nxd5 Qxd5 14. Qxd5 Bxd5 15. c4 Be6 16. Nc5 Nd4 17. Bxd4 exd4 18. Nxe6 fxe6 19. Bd3 Bg5 20. g3 Be3+ 21. Kg2 e5 22. Rfd1 g6 23. Be4 Rab8 24. b4 b6 25. Rab1 Rfc8 26. Rb3 Kf8 27. Bd5 Rc7 28. Ra3 Ra7 29. h4 Ke7 30. h5 g5 31. Kh3 h6 32. Kg4 Rd8 33. Kf5 Kd6 34. Be4 Rf8+ 35. Kg4 Ke7 36. c5 bxc5 37. bxc5 Rb8 38. Kf5 Rb5 39. c6 Bf2 40. Kg6 Bxg3 41. Rc1 Rb6 42. Rb3 Rxb3 43. axb3 Rc7 44. Ra1 Ra7 45. b4 Kd6 46. Kxh6 Bf4 47. Kg6 Bd2 48. b5 Kc5 49. Rxa6 Re7 50. Kf6 Re8 51. Ra2 Bc3 52. Kxg5 Kxb5 53. h6 Bb4 54. h7 d3 55. Bxd3+ Kxc6 56. Be4+ Kd7 57. Ra8 Bf8 58. Rxe8 1-0